|
|
|
|
| LEADER |
00000Cam#a2200000#a#4500 |
| 001 |
021779 |
| 003 |
AR-BeUNQ |
| 005 |
20190508115919.0 |
| 008 |
100714s200 ####ag # f#m #000|0#spa#d |
| 999 |
|
|
|c 1126
|d 76513
|
| 040 |
|
|
|a AR-BeUNQ
|e aacr
|
| 082 |
0 |
4 |
|a 303.483/3
|2 21
|
| 100 |
1 |
|
|a Said, Carlos Gerardo
|
| 245 |
1 |
3 |
|a Los Telecentros pueden ser un instrumento TIC para llegar a las áreas de escasa población en Argentina? :
|b ¿Puede construir un modelo económicamente sustentable?
|c Carlos Gerardo Said.
|
| 260 |
|
|
|c [2006]
|
| 300 |
|
|
|a 147 p. ;
|c 28 cm.
|
| 500 |
|
|
|a Director de tesis: Ricardo Ferraro.
|
| 500 |
|
|
|a Bibliografía: 145-147.
|
| 500 |
|
|
|a Trabajo de tesis presentado para la obtención del grado de Magister en Ciencia, Tecnología y Sociedad.
|
| 502 |
|
|
|a Tesis (maestría) -- Universidad Nacional de Quilmes, 2006.
|
| 594 |
|
|
|a MAESTRIA EN CIENCIA, TECNOLOGIA Y SOCIEDAD
|
| 650 |
|
7 |
|a Telecomunicaciones
|2 spines
|
| 650 |
|
7 |
|a Cambio sociocultural
|2 spines
|
| 650 |
|
7 |
|a Desarrollo económico
|2 spines
|
| 650 |
|
7 |
|a Acceso a la tecnología de la información
|2 toit
|
| 650 |
|
7 |
|a Tecnología de la información
|2 oit
|
| 651 |
|
7 |
|a Argentina
|2 spines
|
| 653 |
|
|
|a Internet
|
| 653 |
|
|
|a Desarrollo sustentable
|
| 653 |
|
|
|a Estudios sociales de la C+T
|
| 655 |
|
4 |
|a Tesis de maestría
|
| 700 |
1 |
|
|a Ferraro, Ricardo A
|e director de tesis
|4 ths
|
| 710 |
2 |
|
|a Universidad Nacional de Quilmes,
|e dgg.
|
| 929 |
|
|
|a DONACION
|b Carlos Gerardo Said
|d 0
|e 20100623
|f PAT0034746
|g 1572 Exp. 827-0387/98
|j 45020
|
| 942 |
|
|
|c TM
|n 0
|